'A' Culinary Terms (Clickable) Quiz Stats

 Plays Quiz not verified by Sporcle

Score 0/20 Timer 06:00
8 Plays Today
% Correct
anchovy
89.3%
al dente
89.1%
à la carte
88.9%
aioli
83.8%
acidulate
80%
aerate
78.7%
ahi
78.1%
Angostura bitters
77.5%
aperitif
77.3%
amandine
76.9%
% Correct
abattoir
76.4%
arroz
76.4%
albumen
75.3%
ambrosia
74.5%
applejack
74%
andouille
71.1%
akutaq
69.5%
amuse-bouche
66.7%
aspic
63.3%
agemono
63.3%

You're not logged in!

Compare scores with friends on all Sporcle quizzes.
OR
Log In

Show Comments

Extras

Top Quizzes Today


Score Distribution

Your Account Isn't Verified!

In order to create a playlist on Sporcle, you need to verify the email address you used during registration. Go to your Sporcle Settings to finish the process.

Report this User

Report this user for behavior that violates our Community Guidelines.

Details: